000 00921nam a2200277Ia 4500
003 OSt
005 20220918171622.0
006 a|||||r|||| 00| 0
007 ta
008 220917b |||||||| |||| 00| 0 eng d
020 _a9783658174453 (pbk)
_cEURO 59.99
024 _a326,313
037 _b193, 17/01/2018, Classic Book Service
_cTextual
040 _aARTS
_cARTS
_beng
041 _2eng
_aeng
082 _aW6, Q7
100 _aHarfst Philipp Ed.
_937747
245 0 _aParties, governments and elites
_b comparative study of democracy
260 _aWiesbaden
_bSpringer Germany
_c2017
300 _avi,322p.
_ccm.
650 _aDEMOCRACY; POLITICAL SCIENCE
700 _a Kubbe Ina Ed.
_937748
700 _a Poguntke Thomas Ed.
_937749
942 _hW6, Q7
_cTEXL
_2CC
999 _c140447
_d140447